000 00477nam a2200157 4500
001 121816
003 ES-MaACL
005 20230906191831.0
007 t|
008 070214s1965 cu r ||||1| spa d
100 1 _aPortuondo, José Antonio.
_993302
245 1 0 _aCrítica de la época y otros ensayos /
_cJosé Antonio Portuondo.
260 _aLa Habana :
_bUniversidad Central de las Villas,
_c1965.
300 _a311 p. ;
_c21 cm.
852 _aES-MaACL
_jC-28498
_bR.57794
999 _c121816
_d121816